=LDR 00000nam 2200000 4500 =001 INLIS000000000024574 =005 20130612123143 =008 ***********************************Ind** =035 ##$$0010-061300000024574 =041 ##$$a Ind =082 ##$$a 657.2 =090 ##$$a 657.2, muc p =100 ##$$a Mukhtar, H.Z.A =245 ##$$a Penyelesaian dasar-dasar akuntansi, H.Z.A Moechtar =260 ##$$a [s.a] $b Surabaya =300 ##$$a 231 hlm, 21 cm =650 ##$$a Akuntansi =850 ##$$a NBPNMAT